000 00681nam a22002417a 4500
003 UA-OsUOA
001 125896
007 ta
008 20171002b un ||||| |||| 00| 0 ukr d
100 _aХланта І. В.
090 _a016:82.0
_bХ55
942 _cBK
040 _aUA-OsUOA
_bukr
_cUA-OsUOA
_dUA-OsUOA
245 _aЮрій Бача
_bбіобібліографічний покажчик
300 _a168 с.
955 _a1
041 _aukr
080 _a016:82.0
020 _a978-617-589-045-5
260 _aУжгород
_bПатент
_c2012
650 7 _a01 Бібліографія і бібліографії. Каталоги
_2UDC
999 _c413124
_d413124